000
00170 a2200097 4500
001
3461
100
_a
Hodson, H V
245
_a
260
_a
_b
_c
090
_c
2727
_d
2727
942
_a
NUST-CAE
_c
_c
19191
999
_c
238534
_d
238534